000 00426nam a22001457a 4500
020 _a9780471954828
040 _cNust
082 _a621.38152
_bAME'F
100 _aE. Ajith Amerasekera
_9127306
245 _aFailure mechanism in semiconductor devices
250 _a2nd edition
260 _aNew York:
_bJohn Willey and sons Inc,
_c1997.
650 _aFailure mechanism in semiconductor devices
_9127307
942 _2ddc
_cBK
999 _c612468
_d612468